|
|
|
|
| LEADER |
02215nam a2200589 a 4500 |
| 001 |
nkc20092009793 |
| 003 |
CZ PrNK |
| 005 |
20250602100329.0 |
| 007 |
ta |
| 008 |
091106s2009 xr abk e f 001 0 cze |
| 015 |
|
|
|a cnb002009793
|
| 020 |
|
|
|a 978-80-87051-78-8
|q (brož.)
|
| 035 |
|
|
|a (OCoLC)551387481
|
| 040 |
|
|
|a ABA001
|b cze
|
| 041 |
0 |
|
|a cze
|b eng
|
| 043 |
|
|
|a e-xr---
|
| 072 |
|
7 |
|a 59
|x Zoologie
|2 Konspekt
|9 2
|
| 080 |
|
|
|a 595.384.31
|2 MRF
|
| 080 |
|
|
|a 591.9
|2 MRF
|
| 080 |
|
|
|a 502.172:592/599
|2 MRF
|
| 080 |
|
|
|a 591.5
|2 MRF
|
| 080 |
|
|
|a (437.3)
|2 MRF
|
| 080 |
|
|
|a (035)
|2 MRF
|
| 100 |
1 |
|
|a Štambergová, Monika,
|d 1975-
|7 mzk2008430546
|4 aut
|
| 245 |
1 |
0 |
|a Raci v České republice /
|c Monika Štambergová, Jitka Svobodová, Eva Kozubíková
|
| 250 |
|
|
|a 1. vyd.
|
| 260 |
|
|
|a Praha :
|b Agentura ochrany přírody a krajiny ČR,
|c 2009
|
| 300 |
|
|
|a 255 s. :
|b il. (převážně barev.), mapy, formuláře ;
|c 23 cm
|
| 490 |
1 |
|
|a Metodika AOPK ČR
|
| 500 |
|
|
|a 1000 výt.
|
| 504 |
|
|
|a Obsahuje bibliografii a rejstřík
|
| 546 |
|
|
|a Anglické resumé
|
| 650 |
0 |
7 |
|a rak
|7 ph546071
|2 czenas
|
| 650 |
0 |
7 |
|a fauna
|7 ph114529
|z Česko
|2 czenas
|
| 650 |
0 |
7 |
|a ochrana živočichů
|7 ph135419
|z Česko
|2 czenas
|
| 650 |
0 |
7 |
|a ekologie živočichů
|7 ph114419
|2 czenas
|
| 650 |
0 |
9 |
|a crayfish
|2 eczenas
|
| 650 |
0 |
9 |
|a fauna
|z Czechia
|2 eczenas
|
| 650 |
0 |
9 |
|a animal conservation
|z Czechia
|2 eczenas
|
| 650 |
0 |
9 |
|a animal ecology
|2 eczenas
|
| 655 |
|
7 |
|a příručky
|7 fd133209
|2 czenas
|
| 655 |
|
9 |
|a handbooks and manuals
|2 eczenas
|
| 700 |
1 |
|
|a Svobodová, Jitka
|7 pna2010554399
|4 aut
|
| 700 |
1 |
|
|a Kozubíková-Balcarová, Eva,
|d 1983-
|7 pna2010554400
|4 aut
|
| 810 |
2 |
|
|a Agentura ochrany přírody a krajiny České republiky.
|t Metodika
|0 s
|
| 856 |
4 |
1 |
|u http://www.digitalniknihovna.cz/mzk/uuid/uuid:d4ae7bd0-2ddb-11e4-8f64-005056827e52
|y Digitalizovaný dokument
|x NDK
|
| 910 |
2 |
|
|a BOA001
|b 2-1238.090
|
| 990 |
|
|
|a BK
|
| 995 |
|
|
|a 01
|
| 991 |
|
|
|b 201002
|c NOV
|j 592/595 ŠTA
|
| 996 |
6 |
|
|b 2610410446
|c 2-1238.090
|l MZK
|r Sklad / do 1 hodiny
|n 1
|p p.v.
|w 001105319
|u 000010
|a 1
|e BOA001
|j MZK50
|s P
|
| 996 |
7 |
|
|b 2610424440
|c 2-1238.090
|l MZK
|r Sklad / do 1 hodiny
|n 12
|p kup
|w 001105319
|u 000020
|a 1
|e BOA001
|j MZK50
|s A
|